000 00502nam a2200193 4500
003 SEACOMEC
005 20240313123150.0
008 240313b |||||||| |||| 00| 0 eng d
020 _a 978-8183715768
_cRs. 60.00
040 _aSEACOMEC
041 _aEnglish
082 _a621.1
_bR165st
100 _a Ramalingam, K.K.
245 _aSteam Tables in SI units
_cK.K. Ramalingam
260 _aChennai
_bScitech Publications
_c2005
300 _a296 p
650 _aMechanical Engineering
942 _cBOOK
999 _c773
_d773